<?xml version="1.0" encoding="UTF-8"?>
<record
    xmlns:xsi="http://www.w3.org/2001/XMLSchema-instance"
    xsi:schemaLocation="http://www.loc.gov/MARC21/slim http://www.loc.gov/standards/marcxml/schema/MARC21slim.xsd"
    xmlns="http://www.loc.gov/MARC21/slim">

  <leader>00674cam a22001934a 4500</leader>
  <datafield tag="020" ind1=" " ind2=" ">
    <subfield code="a">0761933271 (hard back)</subfield>
  </datafield>
  <datafield tag="020" ind1=" " ind2=" ">
    <subfield code="a">076193328X (paper back)</subfield>
  </datafield>
  <datafield tag="040" ind1=" " ind2=" ">
    <subfield code="c">DLC</subfield>
  </datafield>
  <datafield tag="082" ind1="0" ind2="0">
    <subfield code="a">330 MIK 2005 C332 Or.</subfield>
  </datafield>
  <datafield tag="100" ind1="1" ind2=" ">
    <subfield code="a">Mikkelsen, Britha.</subfield>
  </datafield>
  <datafield tag="245" ind1="1" ind2="0">
    <subfield code="a">Methods for development work and research :</subfield>
    <subfield code="b">a new guide for practitioners /</subfield>
  </datafield>
  <datafield tag="250" ind1=" " ind2=" ">
    <subfield code="a">2nd ed.</subfield>
  </datafield>
  <datafield tag="260" ind1=" " ind2=" ">
    <subfield code="a">New Delhi ;</subfield>
    <subfield code="a">Thousand Oaks, Calif. :</subfield>
    <subfield code="b">SAGE Publications,</subfield>
    <subfield code="c">2005.</subfield>
  </datafield>
  <datafield tag="300" ind1=" " ind2=" ">
    <subfield code="a">373 p. :</subfield>
    <subfield code="b">ill. ;</subfield>
    <subfield code="c">25 cm.</subfield>
  </datafield>
  <datafield tag="650" ind1=" " ind2="0">
    <subfield code="a">Economic development</subfield>
  </datafield>
  <datafield tag="856" ind1="4" ind2="1">
    <subfield code="u">http://www.loc.gov/catdir/toc/ecip054/2004028917.html</subfield>
  </datafield>
  <datafield tag="856" ind1="4" ind2="2">
    <subfield code="u">http://www.loc.gov/catdir/enhancements/fy0658/2004028917-d.html</subfield>
  </datafield>
  <datafield tag="942" ind1=" " ind2=" ">
    <subfield code="c">AEDBB</subfield>
  </datafield>
  <datafield tag="999" ind1=" " ind2=" ">
    <subfield code="c">22048</subfield>
    <subfield code="d">22048</subfield>
  </datafield>
  <datafield tag="952" ind1=" " ind2=" ">
    <subfield code="0">0</subfield>
    <subfield code="1">0</subfield>
    <subfield code="4">0</subfield>
    <subfield code="6">330_000000000000000_MIK_2005_C332_OR</subfield>
    <subfield code="7">0</subfield>
    <subfield code="9">96201</subfield>
    <subfield code="a">LBC</subfield>
    <subfield code="b">LBC</subfield>
    <subfield code="c">C332</subfield>
    <subfield code="d">2023-10-24</subfield>
    <subfield code="o">330 MIK 2005 C332 Or.</subfield>
    <subfield code="p">a73034</subfield>
    <subfield code="r">2023-10-24</subfield>
    <subfield code="w">2023-10-24</subfield>
    <subfield code="y">AEDBB</subfield>
  </datafield>
</record>
